Escritoras españolas e hispanoamericanas en el exilio
Uloženo v:
| Hlavní autoři: | , |
|---|---|
| Médium: | Kniha |
| Jazyk: | španělština |
| Vydáno: |
Buenos Aires
Atenea
2005
|
| Vydání: | 1a. ed |
| Edice: | Estudios sobre la Mujer, 47
|
| Témata: | |
| Tagy: |
Přidat tag
Žádné tagy, Buďte první, kdo vytvoří štítek k tomuto záznamu!
|
MARC
| LEADER | 00000nam a2200000 a 4500 | ||
|---|---|---|---|
| 001 | UCJ0227 | ||
| 003 | CL-VaPUC | ||
| 008 | 060707e20050000AG |||||||||||||||||spa|d | ||
| 020 | |a 8497470710 | ||
| 082 | 0 | 4 | |a 863.09 |b JIM |2 21 |
| 100 | 0 | |a Jiménez Tomé, María José |e author |9 500329 | |
| 700 | 0 | |a Gallego Rodríguez, Isabel |e author |9 500330 | |
| 245 | 1 | 0 | |a Escritoras españolas e hispanoamericanas en el exilio |
| 250 | |a 1a. ed | ||
| 300 | |a 270 p | ||
| 942 | |c BK | ||
| 945 | |d 20060707 00:00:00 |a jtorresc | ||
| 260 | |a Buenos Aires |b Atenea |c 2005 | ||
| 650 | 0 | |a Literatura española |9 306261 | |
| 650 | 0 | |a Crítica literaria |9 269189 | |
| 650 | 7 | |a EXILIO ESPAÑOL |2 CL-VaPUC |9 500331 | |
| 650 | 0 | |a Crítica e interpretación |9 255042 | |
| 583 | |a last modification |c 20130305 02:41:30 |k Rodrigo Vera | ||
| 490 | 0 | |a Estudios sobre la Mujer, 47 | |
| 999 | |c 317153 |d 317151 | ||
| 952 | |0 0 |1 0 |4 0 |6 863_090000000000000_JIM_2005 |7 0 |8 A |9 393144 |a BIBEDU |b BIBEDU |d 2019-11-22 |i 4251857 |o 863.09 JIM 2005 |p 4251857 |r 2019-11-22 |w 2019-11-22 |y BK |k LIT | ||